01422nam a2200373 a 4500001001000000003000500010005001700015008004100032010001100073011001100084020001800095040000900113082001800122100003600140245009900176260014500275300001100420490003100431590004100462590004100503590004100544590004000585650003300625650004200658650005200700650003900752700003800791830003900829901000700868942001000875942000600885999001900891952013800910000115885CHAP20240905175217.0190719s2014 mx |r| ||||||spa d a112346 a113318 a9786079423056 cCHAP04a639.0972bS231 aSantinelli, Jazmín B.913652610aTemas selectos de pesca y acuacultura /cpor Jazmín B. Santinelli y Patricia Jiménez Cruz. aMéxico, D. F. :bCámara de Diputados LXIII, Centro de Estudios para el Desarrollo Rural Sustentable y la Soberanía Alimentaria,c2014. a255 p. aEstudios e investigación aBATCH-UPDb05c20190719lUCH01h1049 aBATCH-UPDb10c20190722lUCH01h1137 aE11695DGDb10c20190722lUCH01h1136 aE5765TAJb05c20190719lUCH01h104817aAcuiculturazMéxico2977514aIndustria pesquerazMéxico.913653014aPescaxLeyes y legislaciónzMéxico.913652914aPescazMéxicoxHistoria.91365281 aJiménez Cruz, Patricia.9136527 0aEstudios e investigación9127854 aBK cLIBRO n0 c112346d112346 00102ddc4052708GRALaBCbBCcPP_GRALd2019-07-19fLIBROl0o639.0972 S23p33724002557743r2019-12-31 00:00:00w2019-12-31yLIBRO